Loading...
The song of the loom
| Main Author: | |
|---|---|
| Other Authors: | |
| Format: | Printed Book |
| Published: |
Madras
Macnillan India ltd.
1996
|
| LEADER | 00544 a2200157 4500 | ||
|---|---|---|---|
| 020 | |a 0333923189 | ||
| 082 | |a 863.1 BIS/T | ||
| 100 | |a Bismillah,Abdul | ||
| 130 | |a Jhini Jhini Bini Chadariya | ||
| 245 | |a The song of the loom |c Translated from Hindi by Rashmi Govind | ||
| 260 | |a Madras |b Macnillan India ltd. |c 1996 | ||
| 300 | |a 251p. | ||
| 700 | |a Govind,Rashmi,Tr. | ||
| 942 | |c BK | ||
| 999 | |c 255530 |d 255530 | ||
| 952 | |0 0 |1 0 |4 0 |6 863_100000000000000_BIS_T |7 0 |9 284333 |a RUS |b RUS |c ST1 |d 2010-10-06 |g 0.00 |i 5576 |l 0 |o 863.1 BIS/T |p RUS5576 |r 2014-02-14 |w 2014-02-14 |y BK | ||